Manorama yearbook 2002 (Record no. 42023)

MARC details
000 -LEADER
fixed length control field 00272nam a2200109Ia 4500
020 ## - INTERNATIONAL STANDARD BOOK NUMBER
ISBN 8190046152
082 ## - DEWEY DECIMAL CLASSIFICATION NUMBER
Classification number 0582002
Item number MAN
245 #0 - TITLE STATEMENT
Title Manorama yearbook 2002
260 ## - PUBLICATION, DISTRIBUTION, ETC. (IMPRINT)
Place of publication Kottayam
Name of publisher Malayala Manorama
Year of publication 2002
942 ## - ADDED ENTRY ELEMENTS (KOHA)
Koha item type Books
Holdings
Withdrawn status Lost status Damaged status Not for loan Home library Current library Date acquired Full call number Accession Number Koha item type
        RRII Library RRII Library 16/12/2021 0582002 MAN 22303 Books